| 000 | 00596nam a2200217Ia 4500 | ||
|---|---|---|---|
| 005 | 20250326144452.0 | ||
| 008 | 250326s9999 xx 000 0 und d | ||
| 020 | _a978-1-4129-5370-2 | ||
| 037 | _aTextbook | ||
| 040 |
_aFMSL _beng _cFMSL |
||
| 041 |
_aeng _2eng |
||
| 084 |
_aX:87 Q0 _qFMSL |
||
| 100 |
_aKottler J A _987215 |
||
| 245 | 0 |
_aLearning group leadership : experiential approach _cKottler J A |
|
| 250 | _a2 | ||
| 260 |
_aNew Delhi _bNew Delhi, Sage _c2010 |
||
| 300 | _a523p | ||
| 365 | _b3228.9119999999998 | ||
| 942 |
_cTB _hX:87 Q0 |
||
| 999 |
_c1303816 _d1303816 |
||